The Gregg reference manual /
Wedi'i Gadw mewn:
| Prif Awdur: | |
|---|---|
| Fformat: | Sách giấy |
| Cyhoeddwyd: |
Boston :
McGraw-Hill,
2001
|
| Rhifyn: | 9th ed |
| Pynciau: | |
| Mynediad Ar-lein: | Table of contents Publisher description |
| Tagiau: |
Ychwanegu Tag
Dim Tagiau, Byddwch y cyntaf i dagio'r cofnod hwn!
|
| Thư viện lưu trữ: | Thư viện Trường Đại học Đà Lạt |
|---|
| LEADER | 01639nam a2200481 4500 | ||
|---|---|---|---|
| 001 | DLU060055882 | ||
| 005 | ##20061030 | ||
| 008 | ##990512s2001 nyuab f 001 0 eng | ||
| 010 | # | # | |a 99023789 |
| 020 | # | # | |a 0028040481 (hardcover text ed.) |
| 020 | # | # | |a 002804049X (basic worksheets) |
| 020 | # | # | |a 0028040503 (comprehensive worksheets) |
| 020 | # | # | |a 002804052X (instruction's resource manual) |
| 020 | # | # | |a 0072935162 (spiral-bound text ed.) |
| 020 | # | # | |a 0072936037 (spiral-with-flap ed.) |
| 020 | # | # | |a 0078228069 (classroom presentation) |
| 035 | # | # | |9 (DLC) 99023789 |
| 040 | # | # | |a DLC |c DLC |d DLC |
| 042 | # | # | |a pcc |
| 050 | # | # | |a PE1479.B87 |b S23 2001 |
| 082 | # | # | |a 808.042 |b SA-W |
| 100 | # | # | |a Sabin, William A. |
| 245 | # | # | |a The Gregg reference manual / |c William A. Sabin |
| 250 | # | # | |a 9th ed |
| 260 | # | # | |a Boston : |b McGraw-Hill, |c 2001 |
| 300 | # | # | |a xxx, 610 p. : |b ill., col. maps ; |c 24 cm |
| 500 | # | # | |a Includes index |
| 650 | # | # | |a Business writing |v Handbooks, manuals, etc |
| 650 | # | # | |a English language |x Business English |v Handbooks, manuals, etc. |
| 650 | # | # | |a English language |x Grammar |v Handbooks, manuals, etc. |
| 650 | # | # | |a English language |x Transcription |v Handbooks, manuals, etc. |
| 856 | # | # | |3 Table of contents |u http://www.loc.gov/catdir/toc/mh031/99023789.html |
| 856 | # | # | |3 Publisher description |u http://www.loc.gov/catdir/description/mh031/99023789.html |
| 923 | # | # | |a 25/2006 |
| 992 | # | # | |a 32.000 |
| 994 | # | # | |a DLU |
| 900 | # | # | |a True |
| 911 | # | # | |a Đào Thị Thu Huyền |
| 925 | # | # | |a G |
| 926 | # | # | |a A |
| 927 | # | # | |a SH |
| 980 | # | # | |a Thư viện Trường Đại học Đà Lạt |


